|
|
|
|
| LEADER |
00000nab a2200000 a 4500 |
| 001 |
vtls000349332 |
| 003 |
SK-MaSNL |
| 005 |
20260303182324.0 |
| 008 |
111202c1988 xo 0 slo |
| 015 |
|
|
|a SNBRA19rr/mm-uuuuu
|
| 035 |
|
|
|a CL0349454
|
| 040 |
|
|
|a SNKBUCL
|b slo
|c SNKBUCL
|e AACR2
|
| 041 |
0 |
|
|a slo
|
| 044 |
|
|
|a xo
|c SK
|
| 080 |
|
|
|a 621.391:621.374:517.96:681.323
|2 1981
|
| 080 |
|
|
|a 621.374
|2 1981
|
| 080 |
|
|
|a 517.96
|2 1981
|
| 080 |
|
|
|a 681.323
|2 1981
|
| 100 |
1 |
|
|a Kocur, Dušan,
|d 1961-
|4 aut
|9 16011
|
| 245 |
1 |
0 |
|a Niekoľko úvah o aplikácii nelineárnych Volterrových číslicových filtrov
|c Dušan Kocur, Stanislav Marchevský
|
| 300 |
|
|
|b Lit. 2 zázn. v slov., ruš.
|
| 650 |
0 |
7 |
|a filtre číslicové Volterrove nelineárne
|2 snkbucl
|9 1209973
|
| 655 |
|
7 |
|a články zo zborníkov
|2 snkbucl
|9 166140
|
| 700 |
1 |
|
|a Marchevský, Stanislav,
|d 1952-
|4 aut
|9 8153
|
| 773 |
0 |
|
|t Elektrotechnika 88. Sekcia: Elektronika
|d Bratislava : Slov. vys. škola tech., 1988
|
| 850 |
|
|
|a Slovenská národná knižnica v Martine
|a MTA001
|
| 852 |
|
|
|a SNK
|b KIS3GCP
|
| 958 |
|
|
|a RK
|
| 992 |
|
|
|a RZB
|
| 999 |
|
|
|c 2116517
|d 2118447
|